00468nam a2200157Ia 4500008004100000020001400041082001600055100002000071245005100091250000800142260004400150300002600194500001900220600002100239650005000260240925s9999 xx 000 0 und d a750622555 a003.502 LIP aNot - Available 0aInstrument Engineers Hand Book: pocess control a3rd aBoston:bButterworth- Heinemannc,1995. ax,388p.bNAfOriginal aIncludes Index aComputer Science aComputer science, information & general works